Les Lieux-dits

Gespeichert in:
Bibliographische Detailangaben
1. Verfasser: Ricardou, Jean
Format: Buch
Sprache:Undetermined
Veröffentlicht: París, Francia Union Generale d´ editions 1972
Schlagworte:
Tags: Tag hinzufügen
Keine Tags, Fügen Sie den ersten Tag hinzu!

MARC

LEADER 00000nam a2200000Ia 4500
008 170316s9999 xx 000 0 und d
040 |a cru BVZT 
090 |a 840 R-5L 
100 |a Ricardou, Jean 
245 |a Les Lieux-dits 
260 |a París, Francia 
260 |b Union Generale d´ editions 
260 |c 1972 
300 |a 191 páginas 
650 |a LITERATURA FRANCESA 
999 |c 7934  |d 7934 
942 |c 15 D  |h 840 R-5L  |2 z